000 00738cam a22002171 4500
001 gs 54000247
003 DLC
005 20260227111402.0
008 790612s1953 sdub s000 0 eng
010 _ags 54000247
035 _a(OCoLC)5058455
040 _aDLC
_cTxCM
_dDLC
050 0 0 _aQE164.J2
_bB3
100 1 _aBaker, Charles Laurence,
_d1887-
245 1 0 _aGeology of southern Jackson County and vicinity.
260 _aVermillion,
_bUniversity of South Dakota,
_c1953.
300 _a14 p.
_bfold. map.
490 1 _aSouth Dakota. State Geological Survey. Report of investigations,
_vno. 73
650 0 _aGeology
_zSouth Dakota
_zJackson County.
830 0 _aReport of investigations (South Dakota Geological Survey) ;
_vno. 73.
999 _c28884
_d28884